000
00257nam a2200097Ia 4500
001
689968
005
20250826161807.0
008
250824s9999 xx 000 0 und d
245
0
_a
BİR TEKAMÜL YOLCULUĞU
_c
BÜLENT GARDİYAN OĞLU
260
_b
DESTEK YAYINLARI
999
_c
689968
_d
689968